banner-ar

Principles of Soil Mechanics / (Record no. 17020)

MARC details
000 -الفاتح
حقل البيانات ثابتة الطول 00474nam a2200181Ia 4500
008 - عناصر البيانات ثابتة الطول - معلومات عامة
حقل البيانات ثابتة الطول 140319s9999 xx 000 0 eng d
040 ## - مصدر الفهرسة
وكالة الفهرسة الأصلية GCL /
وكالة النسخ GCL
082 04 - رقم تصنيف ديوى العشرى
رقم التصنيف 624.15136
رقم المادة E P
100 1# - المدخل الرئيسى - إسم شخصى
الإسم الشخصى EL- HANSY, R.M
245 10 - بيان العنوان
العنوان Principles of Soil Mechanics /
بيان المسئوليه,etc EL- HANSY, R.M
260 ## - PUBLICATION, DISTRIBUTION, ETC. (IMPRINT)
تاريخ النشر أو التوزيع 1990
300 ## - الوصف المادى
التعداد 255 P
650 04 - المدخل الاضافى بالموضوع-مصطلح موضوعى
مصطلح موضوعي SOIL PHYSICS
650 04 - المدخل الاضافى بالموضوع-مصطلح موضوعى
مصطلح موضوعي SOIL DYNAMICS
650 04 - المدخل الاضافى بالموضوع-مصطلح موضوعى
مصطلح موضوعي SOIL MECHANICS
942 ## - عناصر المدخل الإضافي( كوها)
مصدر التصنيف او مخطط الترفيف Dewey Decimal Classification
Koha [default] item type كتاب
260 ## - PUBLICATION, DISTRIBUTION, ETC. (IMPRINT)
-- [S.N] :
-- DAR AL- RATAB SL GAMEIA ،
Holdings
حالة التراجع حالة الفقد حالة تلف ليس للاعارة المكان المؤقت الموقع الحالى تاريخ الاكتساب اجمالي اﻻعارات رقم الطلب الباركود تاريخ اخر مشاهدة تاريخ تفعيل السعر نوع وعاء كوها
        مكتبة القاهرة الكبرى مكتبة القاهرة الكبرى 03/26/2014   624.15136\E P 30734 03/26/2014 03/26/2014 كتاب

Powered By

EGPV